000 00668nam a22002417a 4500
003 UA-OsUOA
001 50229
007 ta
008 20071108b un ||||| |||| 00| 0 ukr d
100 _aБелкин А.
090 _a343.14
_bБ43
942 _cBK
040 _aUA-OsUOA
_brus
_cUA-OsUOA
_dUA-OsUOA
245 _aТеория доказования в уголовном судопроизводстве
300 _a528 с.
955 _a2
041 _arus
080 _a343.14
020 _a5-89123-898-5
260 _aМ.
_bНорма
_c2007
650 7 _a343 Кримінальне право. Карні порушення
_2UDC
999 _c336333
_d336333